Pennsylvania on stamps (Record no. 2502)

000 -LEADER
fixed length control field 00434nam a22000977a 4500
008 - FIXED-LENGTH DATA ELEMENTS--GENERAL INFORMATION
fixed length control field 171002b xxu||||| |||| 00| 0 eng d
100 ## - MAIN ENTRY--AUTHOR'S NAME
Author's Name Keystone Federation of Stamp Clubs
245 ## - TITLE STATEMENT
Title Pennsylvania on stamps
260 ## - PUBLICATION, DISTRIBUTION, ETC. (IMPRINT)
Place of publication, distribution, etc. Lock Haven, PA
Name of publisher, distributor, etc. Keystone Federation of Stamp Clubs
Date of publication, distribution, etc. 1987
650 ## - TOPICAL TERM (Tag)
Topical term or geographic name United States -- Pennsylvania | Topical Collecting -- History | Topical Collecting -- Famous People | First Days | Educational Aspects of Collecting
Holdings
Withdrawn status Lost status Source of classification or shelving scheme Damaged status Koha normalized classification for sorting Not for loan Permanent Location Current Location Shelving location Date acquired Total Checkouts Full call number Barcode Date last seen Copy number Price effective from Public note
        G3821 T674 K44   Northern Philatelic Library Northern Philatelic Library General Stacks 10/02/2017   G3821 T674 K44 1002754 10/02/2017 1 10/02/2017 3-Ring binder

Powered by Koha